书目信息 |
| 题名: |
金匮要略通俗讲话
|
|
| 作者: | 何任 编著 | |
| 分册: | ||
| 出版信息: | 上海 上海科学技术出版社 1958 |
|
| 页数: | 136页 | |
| 开本: | 19cm | |
| 丛书名: | ||
| 单 册: | ||
| 中图分类: | R222.3 | |
| 科图分类: | ||
| 主题词: | ||
| 电子资源: | ||
| ISBN: | ||
| 000 | 00592nam0 2200217 45 | |
| 001 | 0179008806 | |
| 005 | 20060820154210.42 | |
| 010 | @dCNY0.37 | |
| 091 | @a14119.593 | |
| 100 | @a19950803e19791958em y0chiy0121 ea | |
| 101 | 0 | @achi |
| 102 | @aCN@b310000 | |
| 105 | @ay z 000yy | |
| 200 | 10 | @a金匮要略通俗讲话@Ajin kui yao lue tong su jiang hua@f何任编著 |
| 210 | @a上海@c上海科学技术出版社@d1958@h1979重印 | |
| 215 | @a136页@d19cm | |
| 605 | @a金匮要略方论@x基本知识 | |
| 690 | @aR222.3@v3 | |
| 701 | 0 | @a何任@Ahe ren@4编著 |
| 801 | 0 | @aCN@bTSSF@c20060820 |
| 905 | @a10447@dR222.3@e171 | |
| 金匮要略通俗讲话/何任编著.-上海:上海科学技术出版社,1958(1979重印) |
| 136页;19cm |
| ISBN :CNY0.37 |
| ● |
| 相关链接 |
|
|
|
|
正题名:金匮要略通俗讲话
索取号:R222.3/171
 
预约/预借
| 序号 | 登录号 | 条形码 | 馆藏地/架位号 | 状态 | 备注 |
| 1 | 0470459 | 204704597 | 密集书库/ [索取号:R222.3/171] | 在馆 |